|
|
|
|
| LEADER |
00000cam a2200000 a 4500 |
| 001 |
vtls008330779 |
| 003 |
SK-MaSNL |
| 005 |
20260301093550.0 |
| 008 |
230403s1959 xo 000 0 slo |
| 015 |
|
|
|a SNBA1959/05-00918
|
| 035 |
|
|
|a SK01SNK19590022996
|
| 035 |
|
|
|a urn:nbn:sk:snk-am3hhvm
|
| 035 |
|
|
|a F959D238-2211-4E3D-82C7-B3F03F4FC36F
|
| 035 |
|
|
|a urn:nbn:sk:snk-am00d0vx
|
| 035 |
|
|
|a SKM000025459
|
| 040 |
|
|
|a SNK
|b slo
|c SNK
|e AACR2
|
| 041 |
0 |
|
|a slo
|
| 044 |
|
|
|a xo
|c SK
|
| 080 |
|
|
|a 238:284.1(035)
|2 1981
|
| 080 |
|
|
|a 284.1(035)
|2 1981
|
| 100 |
1 |
|
|a Konvit, Ján,
|d 1922-2003
|4 aut
|9 174789
|
| 245 |
1 |
0 |
|a Vyznanie viery
|b príručka pre evanj. katechumenov a konfirmantov
|c Ján Konvit
|
| 260 |
|
|
|a Liptovský Mikuláš
|b Tranoscius
|a Bratislava
|b Cirkevné nakladateľstvo
|c 1959
|e Trnava
|f Polygrafické závody
|
| 300 |
|
|
|a 133, [1] s.
|c 12°
|
| 610 |
2 |
7 |
|a Evanjelická cirkev a.v.
|2 SNKKA
|9 32425
|
| 650 |
0 |
7 |
|a katechéza
|2 SNKPH
|9 4064
|
| 650 |
0 |
7 |
|a vyznanie viery
|2 SNKPH
|9 79278
|
| 655 |
|
7 |
|a príručky
|2 SNKPH
|9 74364
|
| 852 |
|
|
|a Slovenská národná knižnica
|
| 919 |
|
|
|a brož.
|
| 954 |
|
|
|a odborná, vedecká literatúra pôvodná (slovenská)
|2 lita
|
| 958 |
|
|
|a OND
|
| 958 |
|
|
|a TL
|
| 958 |
|
|
|a RK
|
| 958 |
|
|
|a NT
|
| 958 |
|
|
|a EUIPO
|
| 999 |
|
|
|c 677413
|d 679343
|
| 952 |
|
|
|a SNK
|b SNK
|y PREZ
|7 0
|p 17A0749165
|o snkSE 2744
|i snkKSP 821/59
|0 0
|1 0
|4 0
|d 2018-02-19
|f 1
|l 0
|r 2026-02-23 19:46:18
|w 2026-02-23
|
| 952 |
|
|
|a SNK
|b SNK
|y VYP
|7 0
|p 17A1189781
|o snkSE 2744 D1
|i snkKSP 1047/59
|0 0
|1 0
|4 0
|d 2018-04-30
|l 0
|r 2026-02-23 19:46:18
|w 2026-02-23
|
| 952 |
|
|
|a SNK
|b SNK
|y VYP
|7 0
|p 17A1189867
|o snkSE 2744 D2
|i snkK 4455/66
|8 3
|0 0
|1 0
|4 0
|d 2018-04-30
|l 0
|r 2026-02-23 19:46:19
|w 2026-02-23
|